Statistics for U.S. States with the Highest Suicide Rates

Click here to take the quiz!

General Stats

  • This quiz has been taken 202 times
  • The average score is 6 of 10

Answer Stats

#State% Correct
21.8Alaska
77%
20.5Montana
73%
16.7Colorado
69%
19.3Wyoming
69%
18.4Nevada
66%
15.9Oregon
65%
20.4New Mexico
64%
16.0Arizona
62%
15.3Kentucky
52%
16.6West Virginia
50%

Score Distribution

Percentile by Number Answered

Percent of People with Each Score

Your Score History

You have not taken this quiz